000 00285nam a22001337a 4500
008 170407b xxu||||| |||| 00| 0 eng d
020 _a9780323018128
041 _aeng
080 _23 ED
_a616
100 _a9
101 _aSHM
245 _aPATHOLOGY
_cGOLJAN.E.F
942 _2udc
_cBK
999 _c10094
_d10094